| 000 | 00601nam a2200241 a 4500 | ||
|---|---|---|---|
| 001 | nice12345678 | ||
| 003 | IN_TiNIC | ||
| 005 | 20260116014802.0 | ||
| 008 | 100203s2010 newa grp 000 0 eng | ||
| 020 |
_a9788121210294 _c750 |
||
| 082 | 0 | 0 |
_a291 _bGHA |
| 100 | _aGhauri, Abdus Sattar | ||
| 245 | _aIsaac or Ishmael | ||
| 260 |
_aNew Delhi _bGyan Publishing House _c2010 |
||
| 300 | _a338p | ||
| 500 | _aincludes index and biblioraphy | ||
| 505 | 2 | _aBibliography, Index | |
| 650 | _aComparative Religion | ||
| 650 | _aSacrifice | ||
| 902 | _bSRS | ||
| 942 | _cBK | ||
| 999 |
_c16958 _d16958 |
||